Normal view
MARC view
Entry Uniform Title
001 - CONTROL NUMBER
- control field: 33332
003 - CONTROL NUMBER IDENTIFIER
- control field: dpl
005 - DATE AND TIME OF LATEST TRANSACTION
- control field: 20110823122853.0
008 - FIXED-LENGTH DATA ELEMENTS
- fixed length control field: 110823|||a|||||| | ||| d
040 ## - CATALOGING SOURCE
- Original cataloging agency: dpl
- Transcribing agency: dpl
130 ## - HEADING--UNIFORM TITLE
- Uniform title: Moser Baer India Ltd.
670 ## - SOURCE DATA FOUND
- Source citation: Work cat.: (dpl)16979: My Friend Ganesha
670 ## - SOURCE DATA FOUND
- Source citation: Work cat.: (dpl)16979: My Friend Ganesha
